Album etud výběr etud pro 3. stupeň technické vyspělosti : klavír / 2
Uložené v:
| Ďalší autori: | , , |
|---|---|
| Médium: | Zvuková nahrávka |
| Jazyk: | Czech |
| Vydané: |
Praha :
Supraphon,
1979.
|
| Vydanie: | [1. vyd.] |
| Témy: | |
| Fyzický popis: |
38 s. : noty ; 30 cm. |
| Tagy: |
Pridať tag
Žiadne tagy, Buďte prvý kto otaguje tento záznam!
|
Titul je dostupný aj v ... 

MARC
| LEADER | 00000cjm a2200000 a 4500 | ||
|---|---|---|---|
| 001 | 000224713 | ||
| 005 | 20090219101038.0 | ||
| 008 | 040101s1979 xr g f 000 0 cze d | ||
| 040 | |a SVKKK |b slo |c SVKKK |e AACR2 | ||
| 041 | 0 | |a cze | |
| 044 | |a xr |c CZ | ||
| 072 | 7 | |a 786 |x Hudba pre klávesové nástroje |2 konspekt | |
| 080 | |a 786.2.083.7 |2 2001 | ||
| 080 | |a (0:781.24) |2 2001 | ||
| 245 | 0 | 0 | |a Album etud |h hudobnina |b výběr etud pro 3. stupeň technické vyspělosti : klavír / |n 2 |c vybraly a revidovaly E. Kleinová, A. Fišerová, E. Müllerová. |
| 250 | |a [1. vyd.] | ||
| 260 | |a Praha : |b Supraphon, |c 1979. | ||
| 300 | |a 38 s. : |b noty ; |c 30 cm. | ||
| 500 | |a Popis podľa xerokópie | ||
| 650 | 0 | 7 | |a etudy (klavír) |2 SVKKKPH |
| 655 | 7 | |a partitúry |2 SVKKKPH | |
| 700 | 1 | |a Kleinová, Eliška, |d 1912-1999 |4 com | |
| 700 | 1 | |a Fišerová, Alena |4 com | |
| 700 | 1 | |a Müllerová, Eva, |d 1928- |4 com | |
| 910 | |a svkkk | ||
| 998 | |a BK | ||
| 090 | |g SCKHL |k Sklad Pribinova 3. posch. |a V.117423 |j 595554 |i 2720093098 |s Povinný výt. | ||
| 090 | |g SCKHL |k Sklad Hlavná 10 prízemie |a V.218383 |j 992726 |i 2720078842 |s Absenčne | ||